Soviet culture review. №6 (Запись № 13041561)

Подробности
000 -МАРКЕР
контрольное поле 00771nam2a2200217 4500
001 - ИДЕНТИФИКАТОР ЗАПИСИ
контрольное поле RU\NLR\BIBL_A\022200333
005 - ИДЕНТИФИКАТОР ВЕРСИИ
контрольное поле 20250625155515.0
035 ## - ДРУГИЕ СИСТЕМНЫЕ НОМЕРА
Идентификатор записи (NLR Aleph) 022200333
100 ## - ДАННЫЕ ОБЩЕЙ ОБРАБОТКИ
Данные общей обработки 20240417d1933 |||y0rusy50 ca
101 0# - ЯЗЫК РЕСУРСА
Язык текста, звукозаписи и т.д. английский
102 ## - СТРАНА ПУБЛИКАЦИИ ИЛИ ПРОИЗВОДСТВА
Страна публикации Российская Федерация
200 0# - ЗАГЛАВИЕ И СВЕДЕНИЯ ОБ ОТВЕТСТВЕННОСТИ
Основное заглавие №6
210 ## - ПУБЛИКАЦИЯ, РАСПРОСТРАНЕНИЕ И ДР.
Дата издания, распространения и т.д. 1933
Место издания, распространения и т.д. Б. м.
461 #0 - УРОВЕНЬ НАБОРА
Встроенное поле 001RU\NLR\INFOCOMM_39\5000067597
-- 2001#$aSoviet culture review$ePubl. by the Soviet Union society for cultural relations with for reign countries (Voks)$v№6
Системный номер (АБИС) связанной записи 3232213
Место публикации Moscow
Дата публикации 1933-1934
Сведения, относящиеся к заглавию Publ. by the Soviet Union society for cultural relations with for reign countries (Voks)
Заглавие Soviet culture review
Номер тома №6
852 ## - МЕСТОНАХОЖДЕНИЕ И ШИФР ХРАНЕНИЯ
Идентификатор организации NLR
Шифр хранения (Call Number) КрII-1662
942 ## - ДОПОЛНИТЕЛЬНЫЕ ЭЛЕМЕНТЫ ЗАПИСИ (АБИС)
Тип экземпляра АБИС Выпуск
980 ## - КОЛЛЕКЦИЯ
Название коллекции Национальная библиография
980 ## - КОЛЛЕКЦИЯ
Название коллекции Иностранная периодика
980 1# - КОЛЛЕКЦИЯ
Название коллекции Крачковский
Экземпляры
Тип экземпляра Дата поступления Библиотека постоянного хранения Библиотека текущего хранения Место хранения Шифр хранения Штрих-код Статус экземпляра Нумерация / хронология для периодики
Выпуск 17.04.2024 РНБ (Московский) РНБ (Московский) Фонд литературы на языках стран Азии и Африки, периодич. КрII-1662 ERR-318524   1933,